000 00813nam a22002417a 4500
003 UA-OsUOA
001 37360
007 ta
008 20060306b un ||||| |||| 00| 0 ukr d
100 _aМец В.О.
090 _a336
_bМ55
942 _cBK
040 _aUA-OsUOA
_bukr
_cUA-OsUOA
_dUA-OsUOA
245 _aЕкономічний аналіз (Збірник практичних завдань і тестів за даними П(С)БО)
_bНавч. посібник
300 _a236 с.
955 _a2
041 _aukr
080 _a336
020 _a966-574-286-8
260 _aК.
_bКНЕУ
_c2001
650 7 _a65 Управління підприємствами. Організація виробництва, торговлі та засоби зв'язку
_2UDC
999 _c323530
_d323530